| 000 -LEADER | |
|---|---|
| fixed length control field | 00490nam a22001817a 4500 |
| 005 - DATE AND TIME OF LATEST TRANSACTION | |
| control field | 20251204162815.0 |
| 008 - FIXED-LENGTH DATA ELEMENTS--GENERAL INFORMATION | |
| fixed length control field | 250414b |||||||| |||| 00| 0 eng d |
| 020 ## - INTERNATIONAL STANDARD BOOK NUMBER | |
| ISBN | 978-81-203-3338-3 |
| 041 ## - LANGUAGE CODE | |
| Language code of text/sound track or separate title | eng |
| 082 ## - DEWEY DECIMAL CLASSIFICATION NUMBER | |
| Classification number | 616.07 KAW-E |
| 100 ## - MAIN ENTRY--AUTHOR NAME | |
| Personal name | KAWTHALKAR, SHIRISH M. |
| 245 ## - TITLE STATEMENT | |
| Title | ESSENTIALS OF HEMATOLOGY |
| 250 ## - EDITION STATEMENT | |
| Edition statement | 4TH ED, 2025 |
| 260 ## - PUBLICATION, DISTRIBUTION, ETC. (IMPRINT) | |
| Place of publication | NEW DELHI |
| Name of publisher | JAYPEE BROTHERS MEDICAL PUBLISHERS |
| Year of publication | 2025 |
| 300 ## - PHYSICAL DESCRIPTION | |
| Number of Pages | 641;P |
| 650 ## - SUBJECT ADDED ENTRY--TOPICAL TERM | |
| Topical Term | PARAMEDICAL |
| General subdivision | BMLT/BMIRT |
| 942 ## - ADDED ENTRY ELEMENTS (KOHA) | |
| Koha item type | Books |
| Lost status | Damaged status | Collection code | Home library | Current library | Shelving location | Date acquired | Source of acquisition | Cost, normal purchase price | Full call number | Accession Number | Koha item type | Serial Enumeration / chronology |
|---|---|---|---|---|---|---|---|---|---|---|---|---|
| NEW ARRIVAL SHELF | JRU Library | JRU Library | SHELF-106-A | 14/04/2025 | PURCHASE | 1150.00 | 616.07 | 28735 | Books | |||
| Bachelor of Medical Laboratory Technology | JRU Library | JRU Library | SHELF-106-A | 01/12/2025 | PURCHASE | 1275.00 | 616.07 | 29220 | Books | LBI-000811/28-11-2025 | ||
| Bachelor of Medical Laboratory Technology | JRU Library | JRU Library | SHELF-106-A | 01/12/2025 | PURCHASE | 1275.00 | 616.07 | 29221 | Books | LBI-000811/28-11-2025 | ||
| Bachelor of Medical Laboratory Technology | JRU Library | JRU Library | SHELF-106-A | 01/12/2025 | PURCHASE | 1275.00 | 616.07 | 29222 | Books | LBI-000811/28-11-2025 |